Türk okçuluk tarihi : (Record no. 200426277)
[ view plain ]
| 000 -LEADER | |
|---|---|
| fixed length control field | 01082cam a22003495i 4500 |
| 001 - CONTROL NUMBER | |
| control field | 19506605 |
| 003 - CONTROL NUMBER IDENTIFIER | |
| control field | TR-AnTOB |
| 005 - DATE AND TIME OF LATEST TRANSACTION | |
| control field | 20190322123546.0 |
| 008 - FIXED-LENGTH DATA ELEMENTS--GENERAL INFORMATION | |
| fixed length control field | 170221s2015 tu a b 001 0 tur c |
| 010 ## - LIBRARY OF CONGRESS CONTROL NUMBER | |
| LC control number | 2016356787 |
| 020 ## - INTERNATIONAL STANDARD BOOK NUMBER | |
| International Standard Book Number | 9786055227630 |
| International Standard Book Number | 6055227630 |
| 035 ## - SYSTEM CONTROL NUMBER | |
| System control number | (OCoLC)ocn950748928 |
| 040 ## - CATALOGING SOURCE | |
| Original cataloging agency | PUL |
| Language of cataloging | eng |
| Transcribing agency | TR-AnTOB |
| Description conventions | rda |
| 041 0# - LANGUAGE CODE | |
| Language code of text/sound track or separate title | Türkçe |
| 042 ## - AUTHENTICATION CODE | |
| Authentication code | pcc |
| -- | lcode |
| 043 ## - GEOGRAPHIC AREA CODE | |
| Geographic area code | a-tu--- |
| 050 00 - LIBRARY OF CONGRESS CALL NUMBER | |
| Classification number | GV1188.T9 |
| Item number | O93 2015 |
| 090 00 - LOCALLY ASSIGNED LC-TYPE CALL NUMBER (OCLC); LOCAL CALL NUMBER (RLIN) | |
| Classification number (OCLC) (R) ; Classification number, CALL (RLIN) (NR) | GV1188.T9 |
| Local cutter number (OCLC) ; Book number/undivided call number, CALL (RLIN) | O93 2015 |
| 100 1# - MAIN ENTRY--PERSONAL NAME | |
| Personal name | Özden, Hilmi, |
| Dates associated with a name | 1959- |
| Relator term | author. |
| 245 10 - TITLE STATEMENT | |
| Title | Türk okçuluk tarihi : |
| Remainder of title | Giriş / |
| Statement of responsibility, etc. | Hilmi Özden, Semih Öz. |
| 250 ## - EDITION STATEMENT | |
| Edition statement | 1. Baskı. |
| 264 #1 - PRODUCTION, PUBLICATION, DISTRIBUTION, MANUFACTURE, AND COPYRIGHT NOTICE | |
| Place of production, publication, distribution, manufacture | İstanbul : |
| Name of producer, publisher, distributor, manufacturer | Uluslararası kalkınma ve işbirliği derneği, |
| Date of production, publication, distribution, manufacture, or copyright notice | 2015. |
| 300 ## - PHYSICAL DESCRIPTION | |
| Extent | 254 pages : |
| Other physical details | illustrations ; |
| Dimensions | 21 cm. |
| 336 ## - CONTENT TYPE | |
| Content type term | text |
| Content type code | txt |
| Source | rdacontent |
| 337 ## - MEDIA TYPE | |
| Media type term | unmediated |
| Media type code | n |
| Source | rdamedia |
| 338 ## - CARRIER TYPE | |
| Carrier type term | volume |
| Carrier type code | nc |
| Source | rdacarrier |
| 504 ## - BIBLIOGRAPHY, ETC. NOTE | |
| Bibliography, etc. note | |
| 650 00 - SUBJECT ADDED ENTRY--TOPICAL TERM | |
| Topical term or geographic name entry element | Archery |
| Geographic subdivision | Turkey |
| General subdivision | History. |
| 700 1# - ADDED ENTRY--PERSONAL NAME | |
| Personal name | Öz, Semih, |
| Dates associated with a name | 1971- |
| Relator term | author. |
| 942 ## - ADDED ENTRY ELEMENTS (KOHA) | |
| Source of classification or shelving scheme | Library of Congress Classification |
| Koha item type | Book |
| Withdrawn status | Lost status | Source of classification or shelving scheme | Not for loan | Collection code | Home library | Current library | Shelving location | Date acquired | Source of acquisition | Total Checkouts | Total Renewals | Full call number | Barcode | Date last seen | Date last checked out | Copy number | Date shelved | Koha item type | Public note | Damaged status |
|---|---|---|---|---|---|---|---|---|---|---|---|---|---|---|---|---|---|---|---|---|
| Library of Congress Classification | Ödünç Verilebilir / Available | Genel Koleksiyon | Merkez Kütüphane | Merkez Kütüphane | Depo/Stack | 23/03/2017 | Bağış / Donation | 4 | 1 | GV1188.T9 O93 2015 c.3 | 0053593 | 04/02/2019 | 11/01/2019 | 1 | 13/04/2017 | Book | IN STACK | |||
| Library of Congress Classification | Ödünç Verilebilir / Available | Genel Koleksiyon | Merkez Kütüphane | Merkez Kütüphane | Depo/Stack | 23/03/2017 | Bağış / Donation | GV1188.T9 O93 2015 c.2 | 0053592 | 13/04/2017 | 2 | 13/04/2017 | Book | IN STACK | ||||||
| Library of Congress Classification | Ödünç Verilebilir / Available | Genel Koleksiyon | Merkez Kütüphane | Merkez Kütüphane | Genel Koleksiyon / Main Collection | 23/03/2017 | Bağış / Donation | GV1188.T9 O93 2015 | 0053591 | 13/04/2017 | 3 | 13/04/2017 | Book | Yeni / New |
